| 000 | 00691nam a2200133Ia 4500 | ||
|---|---|---|---|
| 008 | 160809s9999 xx 000 0 und d | ||
| 100 | _aEschenbeck, Heike. | ||
| 245 | _aSelf-regulation of healthy nutrition: automatic and controlled processes | ||
| 245 | _cHeike Eschenbeck, Uwe Heim-Dreger, Amina Steinhilber and Carl-Walter Kohlmann. | ||
| 260 | _bBMC Psychology | ||
| 260 | _c30 January 2016 | ||
| 650 | _xPSYCHOLOGY | ||
| 856 | _uhttp://download.springer.com/static/pdf/875/art%253A10.1186%252Fs40359-016-0108-5.pdf?originUrl=http%3A%2F%2Fbmcpsychology.biomedcentral.com%2Farticle%2F10.1186%2Fs40359-016-0108-5&token2=exp=1469412186~acl=%2Fstatic%2Fpdf%2F875%2Fart%25253A10.1186%25252F | ||
| 999 |
_c300221 _d300221 |
||